Comparison of organic fertilizers on celery cabbage(brassica compestris) at royal university of agriculture; ប្រៀបធៀបនៃការប្រើប្រាស់ជីសរីរាង្គលើដំណាំស្ពៃចង្កឹះ នៅស្ថានីយ៏ពិសោធន៏នៃសាកលវិទ្យាល័យភូមិន្ទកសិកម្ម (Record no. 7610)

000 -LEADER
fixed length control field 00804nam a22001577a 4500
003 - CONTROL NUMBER IDENTIFIER
control field OSt
005 - DATE AND TIME OF LATEST TRANSACTION
control field 20160316140930.0
008 - FIXED-LENGTH DATA ELEMENTS--GENERAL INFORMATION
fixed length control field 160316b xxu||||| |||| 00| 0 eng d
040 ## - CATALOGING SOURCE
Transcribing agency RUA
082 ## - DEWEY DECIMAL CLASSIFICATION NUMBER
Classification number AGI HEA 2006 B470 Or.1
100 ## - MAIN ENTRY--PERSONAL NAME
9 (RLIN) 8012
Personal name HEANG DARARITH; ហៀង ដារ៉ារិទ្ធ
245 ## - TITLE STATEMENT
Title Comparison of organic fertilizers on celery cabbage(brassica compestris) at royal university of agriculture; ប្រៀបធៀបនៃការប្រើប្រាស់ជីសរីរាង្គលើដំណាំស្ពៃចង្កឹះ នៅស្ថានីយ៏ពិសោធន៏នៃសាកលវិទ្យាល័យភូមិន្ទកសិកម្ម
260 ## - PUBLICATION, DISTRIBUTION, ETC. (IMPRINT)
Place of publication, distribution, etc. Phnom Phen
Name of publisher, distributor, etc. RUA
Date of publication, distribution, etc. 2006
300 ## - PHYSICAL DESCRIPTION
Extent xv;49p.
Other physical details ill.
Dimensions 29cm.
942 ## - ADDED ENTRY ELEMENTS (KOHA)
Source of classification or shelving scheme
Koha item type AGI
Holdings
Price effective from Date last seen Permanent Location Not for loan Date acquired Source of classification or shelving scheme Koha item type Lost status Withdrawn status Date last checked out Total Checkouts Shelving location Damaged status Barcode Current Location Full call number
2016-03-162018-01-08Library Block B 2016-03-16 AGI  2017-02-081B470 RUA41252Library Block BAGI HEA 2006 B470 Or.1
2019-01-212019-01-21Library Block B 2019-01-21 AGI    B1.210 A41636Library Block BAGI HEA 2006 B1.210 Or.1
2019-01-212019-01-21Library Block B 2019-01-21 AGI    B1.210 A39949Library Block BAGI HEA 2006 B1.210 Or.2
មជ្ឈមណ្ឌលឯការនៃសាកលវិទ្យាល័យភូមិន្ទកសិកម្មចំការដូង

Powered by Koha